000 01091nam a2200253 i 4500
003 IT-RoINE
005 20200423130254.0
008 131001r20131938sp a |r||||o001|| cat|d
020 _a9788447537310
040 _aSpMaBN
_cSpMaBN IT-RoINE
_dIT-RoINE
100 1 _aSoldevila, Ferran,
_d1894-1971
_97594
245 1 0 _aBarcelona sense universitat i la restauració de la Universitat de Barcelona (1714-1837) /
_cFerran Soldevila ; pròlegs de Jordi Casassas Ymbert i Enric Pujol Casademont.
260 _aBarcelona :
_bUniversitat de Barcelona, Publicacions i Edicions,
_c2013.
300 _a212 p., [11] h. de lám. ;
_c22 cm.
336 _aTexto (visual)
_2isbdcontent
337 _2rdamedia
_aunmediated
338 _2rdacarrier
_avolume
500 _aIncluye índice.
534 _pReproducción de la edición de:
_cBarcelona : Universitat de Barcelona, Facultat de Filosofia i Lletres i Pedagogia, 1938
610 2 4 _aUniversidad de Barcelona (España)
_917434
_xHistoria
700 1 _aCasassas i Ymbert, Jordi,
_d1948-
_917215
700 1 _aPujol, Enric,
_d1960-
_922941
942 _cMTS
999 _c11222
_d11222